01317nam a2200313 a 450000500170000000800410001702000260005803700080008404000170009210000220010924501020013126000390023327000550027230000620032750400500038960000230043960000310046265000350049365000540052865000420058265000410062465000270066565000440069265000690073665100620080594200170086799900170088495201020090120100504110559.0080815s2009 mauabf b 001 0ceng  a9789380032900c595.00 bUBH adplbEngish  aHajratwala, Minal aLeaving India :bmy family's journey from five villages to five continents /cby Minal Hajratwala aNew Delhi bTranquebar Pressc2009 a47, Brij Mohan Road, DaryaganjbNew Delhi e110002 axvi, 430 p., [16] p. of plates :bill., map ;c24 cm(Hb)  aIncludes bibliographical references and index aHajratwala, Minal. aHajratwala, MinalxFamily. aGujarati AmericansvBiography. aChildren of immigrantszUnited StatesvBiography. aImmigrantszUnited StatesvBiography. aGujaratis (Indic people)vBiography. aImmigrantsvBiography. aEast IndiansxMigrationsvCase studies. aEmigration and immigrationxPsychological aspectsvCase studies. aIndiaxEmigration and immigrationxPsychological aspects. 2ddccENmHAJ c35632d35632 00102ddc407-1aAGbAGd2010-05-04g595.00l0oHAJr2010-05-04 00:00:00v595.00w2010-05-04yEN